| 000 | 00607nam a2200253Ia 4500 | ||
|---|---|---|---|
| 008 | 210210b2009 xxu||||| |||| 00| 0 eng d | ||
| 020 | _a9788173195662 | ||
| 041 | _aeng | ||
| 082 | _a547.30858 MOHO | ||
| 100 | _aMOHAN (Jag) | ||
| 245 | _aOrganic spectroscopy: principles and applications Ed 2 | ||
| 250 | _a | ||
| 260 |
_aNew Delhi _bNarosa Publishing House _c2009 |
||
| 300 | _axiii,548 | ||
| 650 | _aspectroscopy: | ||
| 650 | _aprinciples | ||
| 650 | _aOrganic | ||
| 650 | _aEd | ||
| 650 | _aapplications | ||
| 650 | _aand | ||
| 650 | _a2 | ||
| 690 | _aSpectroscopy | ||
| 906 | _a064754 | ||
| 999 |
_c141707 _d141707 |
||